000 01289nam2a2200277 4500
001 rc\3036337
005 20231027111332.0
035 _a(NLR Aleph) 007176944
090 _a13622066
_c13622066
100 _a20111005d1941 |||y0rusy50 ca
101 0 _arus
102 _aRU
105 _aa z |||||
200 1 _aОвчарня на 150 овец для центральных районов
_e(Стены саманные)
_f[Автор проекта М.И. Попов]
_g[Смету сост. Коган]
210 _d1941
215 _a2 л. черт., "Поясн. записка", "Смета", 6, 10 с.
_cчерт.
300 _aБез тит. л.
461 0 _1001rc\3036336
_12001#$aˆ[‰Типовой] проект сельскохозяйственного строительства [на 1941 год]$h[Серия 3]$i[Постройки для овец]$fСельхозстройпроект$v№ 0330-Б
702 1 _aКоган
_bА. И.
_gАбрам Иосифович
_4570
702 1 _aПопов
_bМ. И.
_cспециалист в обл. с.-х. стр-ва
_gМихаил Иванович
_3RU\NLR\AUTH\770261252
_4570
801 0 _aRU
_bNLR
_gpsbo
801 1 _aRU
_bELAR
_2rusmarc
852 _aNLR
_jТ80 Г-8/8(0330)
942 _cBOOK
980 _aNB